书目信息 |
| 题名: |
智能控制理论及应用
|
|
| 作者: | 师黎 编著 | |
| 分册: | ||
| 出版信息: | 北京 清华大学出版社 2009 |
|
| 页数: | 11,408页 | |
| 开本: | 26cm | |
| 丛书名: | ||
| 单 册: | ||
| 中图分类: | TP273 | |
| 科图分类: | ||
| 主题词: | 智能控制--教材 , 智能控制 | |
| 电子资源: | ||
| ISBN: | 978-7-302-16157-8 | |
| 000 | 00927nam0 2200277 450 | |
| 001 | 100428576972 | |
| 005 | 20110224094609.73 | |
| 010 | @a978-7-302-16157-8@dCNY42.00 | |
| 035 | @a004138234 | |
| 100 | @a20090506d2009 em y0chiy0110 ea | |
| 101 | 0 | @achi |
| 102 | @aCN@b110000 | |
| 105 | @aa z 000yy | |
| 106 | @ar | |
| 200 | 1 | @a智能控制理论及应用@9zhi neng kong zhi li lun ji ying yong@f师黎[等]编著 |
| 210 | @a北京@c清华大学出版社@d2009 | |
| 215 | @a11,408页@c图@d26cm | |
| 300 | @a国家精品课程教材 | |
| 304 | @a编著还有:陈铁军、李晓媛、姚利娜 | |
| 330 | @a本书系统地介绍了智能控制的基本概念、理论和主要方法,包括模糊控制,神经网络控制、专家控制系统、免疫控制、仿人智能控制、遗传算法、蚁群算法、基于DNA的软计算等。 | |
| 606 | 0 | @a智能控制@j教材 |
| 606 | 0 | @a智能控制 |
| 690 | @aTP273@v4 | |
| 701 | 0 | @a师黎@9shi li@4编著 |
| 801 | 0 | @aCN@bNLC@c20110224 |
| 905 | @b205993941-978@h599394-97@dTP273@e103@f4 | |
| 智能控制理论及应用/师黎[等]编著.-北京:清华大学出版社,2009 |
| 11,408页:图;26cm |
| 国家精品课程教材 |
| ISBN 978-7-302-16157-8:CNY42.00 |
| 本书系统地介绍了智能控制的基本概念、理论和主要方法,包括模糊控制,神经网络控制、专家控制系统、免疫控制、仿人智能控制、遗传算法、蚁群算法、基于DNA的软计算等。 |
| ● |
| 相关链接 |
|
|
|
|
正题名:智能控制理论及应用
索取号:TP273/103
 
预约/预借
| 序号 | 登录号 | 条形码 | 馆藏地/架位号 | 状态 | 备注 |
| 1 | 599394 | 205993941 | 第二样本阅览室/ [索取号:TP273/103] | 在馆 | |
| 2 | 599395 | 205993950 | 计算机科学系资料室/ [索取号:TP273/103] | 在馆 | |
| 3 | 599396 | 205993969 | 第三借阅区/ [索取号:TP273/103] | 在馆 | |
| 4 | 599397 | 205993978 | 第三借阅区/ [索取号:TP273/103] | 在馆 |